| 000 | 00768cam a22002294a 4500 | ||
|---|---|---|---|
| 001 | 11769241 | ||
| 005 | 20130326152139.0 | ||
| 008 | 990809s1999 coua b 001 0 eng | ||
| 010 | _a 99043494 | ||
| 020 | _a0873351916 (pbk.) | ||
| 082 | 0 | 0 |
_a692.8 _221 _bPHI |
| 100 | 1 |
_aPhillips, Charles S., _d1924- _94846 |
|
| 245 | 1 | 0 |
_aConstruction Contract Administration / _cCharles S. Phillips. |
| 260 |
_aLittleton, CO : _bSociety for Mining, Metallurgy, and Exploration, _cc1999. |
||
| 300 |
_aix, 195 p. : _bill. ; _c25 cm. |
||
| 500 | _aIncludes Index. | ||
| 504 | _aIncludes bibliographical references and index. | ||
| 650 | 0 |
_aConstruction contracts. _94847 |
|
| 650 | 0 |
_aConstruction industry _xManagement. _94848 |
|
| 653 |
_bCiv _cMarch2013 |
||
| 942 |
_2ddc _cBB |
||
| 999 |
_c11558 _d11558 |
||